Fundamentals of management / (Record no. 222277)
[ view plain ]
| 000 -LEADER | |
|---|---|
| fixed length control field | 00727nam a22002177a 4500 |
| 005 - DATE AND TIME OF LATEST TRANSACTION | |
| control field | 20220408102804.0 |
| 008 - FIXED-LENGTH DATA ELEMENTS--GENERAL INFORMATION | |
| fixed length control field | 220408b ||||| |||| 00| 0 eng d |
| 020 ## - INTERNATIONAL STANDARD BOOK NUMBER | |
| International Standard Book Number | 9781292307329 |
| 040 ## - CATALOGING SOURCE | |
| Transcribing agency | AIMIT LIBRARY |
| 082 ## - DEWEY DECIMAL CLASSIFICATION NUMBER | |
| Edition number | 11 |
| Classification number | 658 |
| Item number | ROBS |
| 100 ## - MAIN ENTRY--PERSONAL NAME | |
| Personal name | Robbins, Stephen P. |
| 9 (RLIN) | 28458 |
| 245 ## - TITLE STATEMENT | |
| Title | Fundamentals of management / |
| Statement of responsibility, etc. | By Stephen P. Robbins, Mary A. Coulter and David A. De Cenzo. |
| 250 ## - EDITION STATEMENT | |
| Edition statement | 11th ed. |
| 260 ## - PUBLICATION, DISTRIBUTION, ETC. | |
| Place of publication, distribution, etc. | London : |
| Name of publisher, distributor, etc. | Pearson , |
| Date of publication, distribution, etc. | 2020. |
| 300 ## - PHYSICAL DESCRIPTION | |
| Extent | 551p. ; |
| Dimensions | 28 cm. |
| 650 ## - SUBJECT ADDED ENTRY--TOPICAL TERM | |
| Topical term or geographic name entry element | Managing human resources and diversity |
| 9 (RLIN) | 28459 |
| 650 ## - SUBJECT ADDED ENTRY--TOPICAL TERM | |
| Topical term or geographic name entry element | Structuring and designing organizations |
| 9 (RLIN) | 28460 |
| 700 ## - ADDED ENTRY--PERSONAL NAME | |
| Personal name | Coulter, Mary A. |
| 9 (RLIN) | 28461 |
| 700 ## - ADDED ENTRY--PERSONAL NAME | |
| Personal name | DeCenzo, David A. |
| 9 (RLIN) | 28462 |
| 942 ## - ADDED ENTRY ELEMENTS (KOHA) | |
| Source of classification or shelving scheme | Dewey Decimal Classification |
| Koha item type | Book |
| Edition | 11th |
| Call number prefix | 658 ROBS |
| Withdrawn status | Lost status | Source of classification or shelving scheme | Damaged status | Not for loan | Collection code | Home library | Current library | Date acquired | Source of acquisition | Cost, normal purchase price | Inventory number | Total Checkouts | Full call number | Barcode | Date last seen | Date last checked out | Cost, replacement price | Price effective from | Koha item type |
|---|---|---|---|---|---|---|---|---|---|---|---|---|---|---|---|---|---|---|---|
| Dewey Decimal Classification | MBA | St Aloysius Institute of Management & Information Technology | St Aloysius Institute of Management & Information Technology | 03/24/2022 | Biblios Book Point | 6458.84 | Bill no:6621; Bill dt:2022-03-22 | 1 | 658 ROBS | MBA14348 | 05/23/2026 | 08/02/2022 | 5167.07 | 04/08/2022 | Book |